000 00433nam a2200169Ia 4500
005 20240726011649.0
008 240331s9999 xx 000 0 und d
020 _a9552101026
082 _a294.3
_bEND
100 _aEndo, T
245 0 _aDana :
_bthe development of it's concept and practice
260 _aColombo
_bM.D. Gunasena & Co , Ltd
_c1987
300 _axxx, 133 p .,
650 _a Buddhism
650 _aSocial
942 _cL
999 _c919
_d919